Fr. Conceicao Rodrigues College of Engineering

Murach's Android programming (Record no. 32201)

MARC details
000 -LEADER
fixed length control field 00341nam a2200181Ia 4500
082 ## - DEWEY DECIMAL CLASSIFICATION NUMBER
Item number MUR
100 ## - MAIN ENTRY--PERSONAL NAME
Personal name Murach/Joel
250 ## - EDITION STATEMENT
Edition statement 2
245 ## - TITLE STATEMENT
Title Murach's Android programming
260 ## - PUBLICATION, DISTRIBUTION, ETC.
Name of publisher, distributor, etc. SPD
Date of publication, distribution, etc. 2015
366 ## - TRADE AVAILABILITY INFORMATION
Publishers's discount category 20
300 ## - PHYSICAL DESCRIPTION
Extent 663
546 ## - LANGUAGE NOTE
Language note ENGLISH
650 ## - SUBJECT ADDED ENTRY--TOPICAL TERM
Topical term or geographic name entry element Android
654 ## - SUBJECT ADDED ENTRY--FACETED TOPICAL TERMS
Focus term android
942 ## - ADDED ENTRY ELEMENTS (KOHA)
Koha item type BOOK
Holdings
Withdrawn status Lost status Damaged status Not for loan Collection Home library Current library Date acquired Source of acquisition Cost, normal purchase price Inventory number Total Checkouts Full call number Barcode Date last seen Cost, replacement price Price effective from Koha item type
        CRC Fr. Agnel's C.Rodrigues College of Engineering Fr. Agnel's C.Rodrigues College of Engineering 17/03/2023 Shroff Publishers 800.00 4112 dt 20.01.2018   MUR 25099 17/03/2023 1000.00   BOOK